Estudios arqueológicos y etnográficos americanos / (Registro nro. 34356)
[ vista simple ]
| 000 -CABECERA | |
|---|---|
| campo de control de longitud fija | 00938nam a2200253 a 4500 |
| 001 - NÚMERO DE CONTROL | |
| campo de control | 000034865 |
| 005 - FECHA Y HORA DE LA ÚLTIMA TRANSACCIÓN | |
| campo de control | 20200930073942.0 |
| 008 - DATOS DE LONGITUD FIJA--INFORMACIÓN GENERAL | |
| campo de control de longitud fija | 111020s1920 es 000 0 spa d |
| 040 ## - FUENTE DE LA CATALOGACIÓN | |
| Centro catalogador/agencia de origen | DO-SdBNP |
| Lengua de catalogación | spa |
| Centro/agencia transcriptor | BNPHU |
| 082 ## - NÚMERO DE LA CLASIFICACIÓN DECIMAL DEWEY | |
| Número de clasificación | 980.4 |
| Número de documento/Ítem | C965e |
| 049 ## - FONDOS LOCALES (OCLC) | |
| Fondos de biblioteca | BNPD |
| 100 1# - ENTRADA PRINCIPAL--NOMBRE DE PERSONA | |
| Nombre de persona | Cuervo Márquez, Carlos, |
| Fechas asociadas al nombre | 1858-1930 |
| 9 (RLIN) | 60402 |
| 245 10 - MENCIÓN DE TÍTULO | |
| Título | Estudios arqueológicos y etnográficos americanos / |
| Mención de responsabilidad, etc. | Carlos Cuervo Márquez. |
| 250 ## - MENCIÓN DE EDICIÓN | |
| Mención de edición | 2a ed. corregida y aumentada |
| 260 ## - PUBLICACIÓN, DISTRIBUCIÓN, ETC. | |
| Lugar de publicación, distribución, etc. | Madrid : |
| Nombre del editor, distribuidor, etc. | América, |
| Fecha de publicación, distribución, etc. | 1920. |
| 300 ## - DESCRIPCIÓN FÍSICA | |
| Extensión | 2v. : |
| Otras características físicas | il. ; |
| Dimensiones | 21 cm. |
| 490 1# - MENCIÓN DE SERIE | |
| Mención de serie | Biblioteca de Ciencias Políticas y Sociales |
| 505 0# - NOTA DE CONTENIDO CON FORMATO | |
| Información miscelánea | v. 1 |
| Título | Prehistoria y viajes -- |
| Información miscelánea | v.2 |
| Título | Prehistoria y viajes americanos |
| 650 #4 - PUNTO DE ACCESO ADICIONAL DE MATERIA--TÉRMINO DE MATERIA | |
| Término de materia o nombre geográfico como elemento de entrada | Indígenas de colombia |
| 9 (RLIN) | 60403 |
| 650 #4 - PUNTO DE ACCESO ADICIONAL DE MATERIA--TÉRMINO DE MATERIA | |
| Término de materia o nombre geográfico como elemento de entrada | Indígenas de américa |
| Subdivisión general | Antiguedades |
| 9 (RLIN) | 60404 |
| 651 #4 - PUNTO DE ACCESO ADICIONAL DE MATERIA--NOMBRE GEOGRÁFICO | |
| Nombre geográfico | Colombia |
| Subdivisión general | Antiguedades |
| 9 (RLIN) | 60405 |
| 830 #0 - PUNTO DE ACCESO ADICIONAL DE SERIE-TÍTULO UNIFORME | |
| Título uniforme | Biblioteca de Ciencias Políticas y Sociales |
| 9 (RLIN) | 60406 |
| 910 ## - DATOS DE OPCIÓN DEL USUARIO (OCLC) | |
| Datos de opción del usuario | Validado. Control de calidad MFF |
| Estado de retiro | Estado de pérdida | Restricciones de uso | No para préstamo | Código de colección | Localización permanente | Ubicación/localización actual | Ubicación en estantería | Fecha de adquisición | Número de inventario | Total de préstamos | Signatura topográfica completa | Código de barras | Fecha visto por última vez | Precio válido a partir de | Tipo de ítem Koha | Nota pública |
|---|---|---|---|---|---|---|---|---|---|---|---|---|---|---|---|---|
| Excluido de préstamo | Raros y valiosos | General | General | Depósito | 24.10.2011 | LF1 | 980.4 C965e | 34865-10 | 25.06.2020 | 25.06.2020 | No se presta | Perteneció a la biblioteca personal de Juan Isidro Jimenes Grullón. |
